Obálka
Pro půjčování e-knih musíte být přihlášeni.
Jak si půjčit online?

Dívčí válka /

Prozatímně osvobozené divadlo osvědčeného "baviče" Františka Ringo Čecha zaplňuje od prosince roku 1998 hlediště divadelních sálů a sálků po celé republice obnoveným představením už kdysi slavné Dívčí války v produkci Pragokoncertu. Čechův osobitý humor v podání Uršuly Klukové, Oldřicha Na...

Celý popis

Uloženo v:
Hlavní autor: Ringo Čech, František (Autor)
Další autoři: Kluková, Uršula (Autor), Kubelková, Iva (Vypravěč-komentátor), Upír Krejčí, Václav (Vypravěč-komentátor), Maděrič, Mojmír (Vypravěč-komentátor), Navrátil, Oldřich (Vypravěč-komentátor), Kornová, Kateřina (Vypravěč-komentátor), Jirák, Ota (Vypravěč-komentátor)
Médium: E-audiokniha
Vydáno: Praha : Supraphon a.s., 2013
Tagy:
Žádné tagy
LEADER 02814nim a22003977i 4500
001 313305
007 sr nunnnnnnned
024 |a 099925524821 
044 |a xr 
100 1 |a  Ringo Čech, František  |4 aut 
245 1 0 |a Dívčí válka /  |c  Ringo Čech, František 
264 1 |a Praha :  |b Supraphon a.s.,  |c 2013 
300 |a 1 online zdroj (1 hod., 11 min., 44 sek.) 
336 |a mluvené slovo  |b spw  |2 rdacontent 
337 |a audio  |b s  |2 rdamedia 
338 |a online zdroj  |b cr  |2 rdacarrier 
505 0 0 |t 1. obraz: Na Vysehrade po Libusine pohrbu (28 min., 14 sek.) 
505 0 0 |t 2. obraz: Na nadvori Vysehradu (9 min., 38 sek.) 
505 0 0 |t 3. obraz: V tabore zen pri Devine (4 min., 46 sek.) 
505 0 0 |t 4. obraz: V Perunove posvatnem haji (5 min., 14 sek.) 
505 0 0 |t 5. obraz: Doma u Bivoju (2 min., 47 sek.) 
505 0 0 |t 6. obraz: V tabore muzu pod Vysehradem (7 min., 25 sek.) 
505 0 0 |t 7. obraz: V tabore zen pri Devine (4 min., 39 sek.) 
505 0 0 |t 8. obraz: V Perunove posvatnem haji (8 min., 57 sek.) 
520 2 |a Prozatímně osvobozené divadlo osvědčeného "baviče" Františka Ringo Čecha zaplňuje od prosince roku 1998 hlediště divadelních sálů a sálků po celé republice obnoveným představením už kdysi slavné Dívčí války v produkci Pragokoncertu. Čechův osobitý humor v podání Uršuly Klukové, Oldřicha Navrátila, Mojmíra Maděriče, Upíra Krejčího, Oty Jiráka a krásných bojovnic Vlastiny družiny - Kateřiny Kornové a Ivy Kubelkové - vicemiss ČR - doslova zvedá smíchem bouřící publikum ze sedadel. Supraphon pořídil záznam z představení Dívčí války v Divadle Jiřího Grossmanna v Praze a spolu s autorem jej upravil pro vydání na zvukovém nosiči. Zkrácená verze si zachovala nejen dějovou linii, ale i parodické gagy v živých improvizacích, jejichž poslech zahýbá bránicí i toho nejzavilejšího mrzouta. A o čem Dívčí válka je? To známe z Jiráska, ale Čechova parodie ji obohacuje o humorné pohledy na věčný "boj" mezi něžným a silným pohlavím. A ještě něco: panice Ctirada, jehož protipólem je krásná Šárka (Iva Kubelková) hraje sám Fr. R. Čech. 
700 1 |a  Kluková, Uršula  |4 nrt 
700 1 |a  Kubelková, Iva  |4 nrt 
700 1 |a  Upír Krejčí, Václav  |4 nrt 
700 1 |a  Maděrič, Mojmír  |4 nrt 
700 1 |a  Navrátil, Oldřich  |4 nrt 
700 1 |a  Kornová, Kateřina  |4 nrt 
700 1 |a  Jirák, Ota  |4 nrt 
910 |a RBIT002 
998 |d 402629  |a https://core.palmknihy.cz/api/books/402629/cover?sbsdc5  |b https://core.palmknihy.cz/api/books/402629/cover/400?sbsdc5  |c https://core.palmknihy.cz/api/books/402629/cover/50?sbsdc5  |e 2099-01-01  |i 099925524821  |l 4304  |q 49  |r 1  |s https://www.palmknihy.cz/kniha/402629  |t audiobook  |y 2013  |z 1 
999 |d 313303